| 000 | 00859nam a2200253 i 4500 | ||
|---|---|---|---|
| 001 | 82068 | ||
| 003 | ES-MaACL | ||
| 005 | 20250830095354.0 | ||
| 007 | t| | ||
| 008 | 041122s1990 sp ||||1| spa d | ||
| 017 | _aM 84-206-0483-6 | ||
| 020 | _a84-206-0483-6 | ||
| 080 | _a321.01 | ||
| 100 | 1 |
_aLocke, John. _973046 |
|
| 245 | 1 | 0 |
_aSegundo tratado sobre el gobierno civil _b: un ensayo acerca del verdadero origen, alcance y fin del gobierno civil / _cJohn Locke ; traducción, prólogo y notas de Carlos Mellizo. |
| 260 |
_aMadrid : _bAlianza, _c1990. |
||
| 300 |
_a238 p. ; _c19 cm. |
||
| 490 | 1 | _aEl libro de bolsillo. Clásicos | |
| 650 | 1 | 7 |
_aEstado _2embne _912523 |
| 700 | 1 |
_aMellizo, Carlos. _979998 |
|
| 830 | 0 | 3 |
_aEl libro de bolsillo. _pClásicos _9179723 |
| 852 |
_aES-MaACL _jE-10454 _bR.78914 |
||
| 999 |
_c82068 _d82068 |
||